banner-ar

حسن فتحى : (Record no. 62660)

MARC details
000 -الفاتح
حقل البيانات ثابتة الطول 00735nam a22002057a 4500
005 - وقت وتاريخ اخر تعامل مع التسجيلة
رقم الضبط 20240530110601.0
008 - عناصر البيانات ثابتة الطول - معلومات عامة
حقل البيانات ثابتة الطول 160905s2009 ua ah g b 000 0 ara d
017 ## - رقم الايداع القانونى
رقم الايداع القانونى 2010/7667
المصدر ( الهيئة المختصة) مصر . دار الكتب المصريه
020 ## - الرقم الدولى المعيارى للكتب
الرقم الدولى المعيارى للكتاب 9789774521645
040 ## - مصدر الفهرسة
وكالة الفهرسة الأصلية EG-CaGPL
082 04 - رقم تصنيف ديوى العشرى
رقم الطبعة 21
رقم التصنيف 720.92\
رقم المادة أ ح
100 0# - المدخل الرئيسى - إسم شخصى
الإسم الشخصى اسماعيل سراج الدين .
245 10 - بيان العنوان
العنوان حسن فتحى :
بقية العنوان المدرسه والمسيره /
بيان المسئوليه,etc اسماعيل سراج الدين .
300 ## - الوصف المادى
التعداد 259 ص :
تفاصيل ماديه اخرى للوعاء ايض ؛
أبعاد الوعاء 31 سم .
504 ## - تبصرة ببليوجرافية
تبصرة ببليوجرافية,الخ يشتمل على ارجاعات ببليوجرافية
600 04 - المدخل الاضافى بالموضوع-اسم شخصى
الإسم الشخصى حسن فتحى
600 04 - المدخل الاضافى بالموضوع-اسم شخصى
الإسم الشخصى حسن فتحى
التقسيم الفرعي العام عمارة
942 ## - عناصر المدخل الإضافي( كوها)
مصدر التصنيف او مخطط الترفيف Dewey Decimal Classification
Koha [default] item type كتاب
Holdings
حالة التراجع حالة الفقد حالة تلف ليس للاعارة المكان المؤقت الموقع الحالى تاريخ الاكتساب اجمالي اﻻعارات رقم الطلب الباركود تاريخ اخر مشاهدة تاريخ تفعيل السعر نوع وعاء كوها
        مكتبة القاهرة الكبرى مكتبة القاهرة الكبرى 09/05/2016   720.92\ أ ح 162455 09/05/2016 09/05/2016 كتاب

Powered By

EGPV